[Event "Online Olym Div4 B 2020"]
[Site "chess.com INT"]
[Date "2020.08.02"]
[Round "9.3"]
[Board "1"]
[White "Paiva, Donaldo"]
[Black "Nezad, Husein Aziz"]
[Result "1-0"]
[WhiteTitle "CM"]
[BlackTitle "IM"]
[WhiteElo "2230"]
[BlackElo "2386"]
[WhiteTeam "Mozambique"]
[BlackTeam "Qatar"]
[WhiteFideId "14800098"]
[BlackFideId "12100293"]
[EventDate "2020.07.31"]
[EventType "team"]

1. e4 e5 2. Nf3 Nc6 3. Bb5 g6 4. O-O Bg7 5. d4 Nxd4 6. Nxd4 exd4 7. f4 c6 8. Bc4
d5 9. exd5 cxd5 10. Bb5+ Bd7 11. Bxd7+ Qxd7 12. Re1+ Ne7 13. Qe2 h5 14. f5 gxf5
15. Bg5 f6 16. Bf4 Kf7 17. Nd2 Ng6 18. Rf1 Rae8 19. Qd3 Re4 20. Nxe4 fxe4 21.
Qxd4 f5 22. Qxa7 Rc8 23. c3 d4 24. Rad1 d3 25. Be3 Ne5 26. Rxf5+ Qxf5 27. Rf1
Nf3+ 28. gxf3 Kg8 29. Qxb7 Rf8 30. Qxe4 Qd7 31. Rd1 Qb5 32. b3 h4 33. Rxd3 h3
34. Qd5+ Qxd5 35. Rxd5 Rxf3 36. Bd4 Bxd4+ 37. cxd4 Rd3 38. Ra5 Rd2 39. Rh5 Rg2+
40. Kh1 Rxa2 41. Rxh3 Rd2 42. Rf3 Rxd4 43. Kg2 Kg7 44. h3 Kg6 45. Kf2 Rd2+ 46.
Ke3 Rb2 47. Kd4 Rb1 48. Kc5 Rc1+ 49. Kb5 Kg5 50. b4 Rb1 51. Ka5 Kh4 52. b5 Ra1+
53. Kb6 Rb1 54. Ka6 Ra1+ 55. Kb7 Rb1 56. b6 Rb2 57. Ka7 Ra2+ 58. Kb8 Rb2 59. b7
Rc2 60. Rf8 Kxh3 61. Ka7 Ra2+ 62. Kb6 Rb2+ 63. Kc6 Rc2+ 64. Kd5 Rd2+ 65. Ke4
Re2+ 66. Kd3 Rb2 67. b8=Q Rxb8 68. Rxb8 Kg4 69. Rf8 Kg3 70. Ke4 Kg4 71. Rg8+ Kh3
72. Kf4 Kh2 73. Kf3 Kh1 74. Kf2 Kh2 75. Rh8# 1-0

[Event "Online Olym Div4 B 2020"]
[Site "chess.com INT"]
[Date "2020.08.02"]
[Round "9.3"]
[Board "3"]
[White "Vilhete, Vania Fausto Da T."]
[Black "Al-Khelaifi, Kholoud"]
[Result "0-1"]
[WhiteTitle "WIM"]
[BlackTitle "WCM"]
[WhiteElo "1799"]
[BlackElo "1507"]
[WhiteTeam "Mozambique"]
[BlackTeam "Qatar"]
[WhiteFideId "14800144"]
[BlackFideId "12100145"]
[EventDate "2020.07.31"]
[EventType "team"]

1. d4 d5 2. c4 e6 3. Nc3 f5 4. Nf3 Nf6 5. Bg5 Be7 6. e3 O-O 7. cxd5 exd5 8. Bd3
c6 9. O-O Ne4 10. Bxe7 Qxe7 11. Ne2 Nd7 12. a3 a5 13. Ng3 Nxg3 14. hxg3 Nf6 15.
Ne5 Ne4 16. Rb1 Be6 17. b4 Nc3 18. Qc2 Nxb1 19. Rxb1 axb4 20. axb4 Ra7 21. b5
cxb5 22. Bxb5 Rfa8 23. Bd3 Qf6 24. Qc7 b5 25. Qc5 Ra2 26. Qxb5 Rd2 27. Qc6 Rc8
28. Qb5 h6 0-1

[Event "Online Olym Div4 B 2020"]
[Site "chess.com INT"]
[Date "2020.08.02"]
[Round "9.3"]
[Board "4"]
[White "Al-Khelaifi, Aisha"]
[Black "Castro, Neusa Aridas De"]
[Result "1-0"]
[WhiteTitle "WCM"]
[BlackTitle "WCM"]
[WhiteElo "1678"]
[BlackElo "1512"]
[WhiteTeam "Qatar"]
[BlackTeam "Mozambique"]
[WhiteFideId "12100625"]
[BlackFideId "14800250"]
[EventDate "2020.07.31"]
[EventType "team"]

1. e4 e6 2. d4 d5 3. Nc3 Nf6 4. Bg5 Be7 5. exd5 Nxd5 6. Bxe7 Nxe7 7. Nf3 Nbc6 8.
Bb5 Bd7 9. Qd2 Nf5 10. O-O-O Qf6 11. d5 exd5 12. Nxd5 Qd6 13. Qe2+ Nfe7 14. Rhe1
Be6 15. Nf6+ gxf6 16. Rxd6 cxd6 17. Nd4 Kd8 18. Nxe6+ fxe6 19. Qxe6 Re8 20.
Qxd6+ Kc8 21. Bxc6 bxc6 22. Rxe7 1-0

[Event "Online Olym Div4 B 2020"]
[Site "chess.com INT"]
[Date "2020.08.02"]
[Round "9.3"]
[Board "5"]
[White "Vasco, Mateus Felizardo Viageiro"]
[Black "Abdulla Mohammed Al-Homaid"]
[Result "0-1"]
[WhiteElo "1862"]
[BlackElo "1301"]
[WhiteTeam "Mozambique"]
[BlackTeam "Qatar"]
[WhiteFideId "14800403"]
[BlackFideId "12102016"]
[EventDate "2020.07.31"]
[EventType "team"]

1. e4 e5 2. Nf3 Nc6 3. Bb5 a6 4. Ba4 Nf6 5. O-O b5 6. Bb3 Bc5 7. Re1 d6 8. h3
Na5 9. d4 Nxb3 10. axb3 exd4 11. Nxd4 O-O 12. Nxb5 Bb7 13. N5c3 Re8 14. Bg5 Qe7
15. Nd2 Qe6 16. Qf3 Re7 17. Bxf6 Qxf6 18. Qxf6 gxf6 19. Kf1 Rae8 20. f3 c6 21.
Na4 Bd4 22. c3 Be5 23. Kf2 Bf4 24. Nc4 d5 25. Na5 Ba8 26. g3 Bc7 27. b4 dxe4 28.
fxe4 Rxe4 0-1

[Event "Online Olym Div4 B 2020"]
[Site "chess.com INT"]
[Date "2020.08.02"]
[Round "9.3"]
[Board "6"]
[White "Layan Mansour AlQassabi"]
[Black "Efentakis, Theodora"]
[Result "1-0"]
[WhiteElo "1167"]
[BlackElo "1147"]
[WhiteTeam "Qatar"]
[BlackTeam "Mozambique"]
[WhiteFideId "12102059"]
[BlackFideId "14801078"]
[EventDate "2020.07.31"]
[EventType "team"]

1. e4 e5 2. Bc4 Bc5 3. d3 h6 4. Nf3 Nc6 5. O-O Nf6 6. c3 a6 7. Bb3 d6 8. h3 O-O
9. Nbd2 Be6 10. Bc2 Re8 11. Re1 Nh7 12. Nf1 Ba7 13. Ng3 Kh8 14. d4 exd4 15. cxd4
d5 16. Qd3 g6 17. Bxh6 dxe4 18. Nxe4 Bf5 19. Qc3 Bxd4 20. Qb3 Rb8 21. Rad1 Bxe4
22. Bxe4 Qf6 23. Nxd4 Nxd4 24. Qc3 Nb5 25. Qc2 Qh4 26. Bd2 Nf6 27. Bd3 Rxe1+ 28.
Rxe1 Qd4 29. Re7 Rd8 30. Re3 Re8 31. Rxe8+ Nxe8 32. a4 Qd6 33. axb5 axb5 34.
Bxb5 Ng7 35. Bh6 1-0

[Event "Online Olym Div4 B 2020"]
[Site "chess.com INT"]
[Date "2020.08.02"]
[Round "9.4"]
[Board "1"]
[White "Michaelides, Konstantinos"]
[Black "Nzabanita, Joseph"]
[Result "1-0"]
[WhiteTitle "CM"]
[WhiteElo "2260"]
[BlackElo "1798"]
[WhiteTeam "Cyprus"]
[BlackTeam "Rwanda"]
[WhiteFideId "5901871"]
[BlackFideId "16000480"]
[EventDate "2020.07.31"]
[EventType "team"]

1. d4 Nf6 2. c4 e6 3. g3 d5 4. Bg2 c6 5. Nf3 Be7 6. O-O O-O 7. Qc2 Nbd7 8. Nbd2
b6 9. e4 Bb7 10. e5 Ne8 11. cxd5 cxd5 12. Re1 h6 13. h4 Qc8 14. Qd1 Qc7 15. Bf1
Nb8 16. Qa4 Bc6 17. Qd1 Bb7 18. Bd3 Ba6 19. Bb1 Qd7 20. h5 f5 21. exf6 Nxf6 22.
Ne5 Qd6 23. Ndf3 Nbd7 24. Ng6 Rf7 25. Bf4 Qc6 26. Nfe5 Nxe5 27. Nxe5 Qe8 1-0

[Event "Online Olym Div4 B 2020"]
[Site "chess.com INT"]
[Date "2020.08.02"]
[Round "9.4"]
[Board "2"]
[White "Twizeyimana, Methode"]
[Black "Damianou, Ioannis"]
[Result "0-1"]
[BlackTitle "CM"]
[WhiteElo "1394"]
[BlackElo "2202"]
[WhiteTeam "Rwanda"]
[BlackTeam "Cyprus"]
[WhiteFideId "16001125"]
[BlackFideId "5902355"]
[EventDate "2020.07.31"]
[EventType "team"]

1. e4 e5 2. Nf3 Nc6 3. c3 Nf6 4. d3 d5 5. Bg5 dxe4 6. Bxf6 Qxf6 7. dxe4 Bc5 8.
h3 Be6 9. Be2 Rd8 10. Nbd2 O-O 11. O-O Ne7 12. Qc1 Ng6 13. Nh2 Nf4 14. Bf3 Qg5
15. Kh1 Nd3 16. Qc2 Nxf2+ 17. Rxf2 Bxf2 18. Rd1 Be3 19. Nb3 Bc4 20. Na5 Rxd1+
21. Qxd1 Rd8 22. Qc2 Qg3 23. Qb1 Bf4 24. Ng4 h5 25. Nxc4 hxg4 26. Qg1 gxf3 27.
gxf3 Qxh3+ 28. Qh2 Qxh2# 0-1

[Event "Online Olym Div4 B 2020"]
[Site "chess.com INT"]
[Date "2020.08.02"]
[Round "9.4"]
[Board "3"]
[White "Ioannides Liu, Alice"]
[Black "Uwase, Joselyne"]
[Result "1/2-1/2"]
[BlackTitle "WFM"]
[WhiteElo "1287"]
[BlackElo "1553"]
[WhiteTeam "Cyprus"]
[BlackTeam "Rwanda"]
[WhiteFideId "5904374"]
[BlackFideId "16000676"]
[EventDate "2020.07.31"]
[EventType "team"]

1. e4 e5 2. Nf3 Nf6 3. Nc3 Bb4 4. d3 Bxc3+ 5. bxc3 d6 6. h3 h6 7. Be2 Be6 8. Be3
Nh7 9. d4 f6 10. d5 Bf7 11. Rb1 Qc8 12. c4 c5 13. Nh4 Ng5 14. Nf5 Qc7 15. Bxg5
fxg5 16. Nxg7+ Kf8 17. Nf5 Bg6 18. g4 Qa5+ 19. Qd2 Qxa2 20. Rxb7 Qa1+ 21. Qd1
Qa5+ 22. Qd2 Qa1+ 23. Bd1 Qa6 24. Rb3 Bxf5 25. gxf5 Qxc4 26. Qd3 Qxd3 27. Rxd3
a5 28. c4 Kf7 29. h4 Na6 30. Ra3 Nb4 31. hxg5 hxg5 32. Rxh8 Rxh8 33. Rxa5 Rh4
34. f3 Rh2 35. Rb5 Nd3+ 36. Kf1 Rf2+ 37. Kg1 Rd2 38. Rb1 Nb4 39. Ba4 Ra2 40. Bd7
Ke7 41. Be6 Kf6 42. Rf1 Nd3 43. Rb1 Nb4 44. Rd1 Ke7 45. Kf1 Nc2 46. Rd2 Ne3+ 47.
Ke2 Rxd2+ 48. Kxd2 Nxc4+ 49. Kd3 Nb6 50. Ke2 Nc4 51. Kf2 Nd2 52. Kg3 Kf6 53. Kf2
Ke7 54. Ke2 Nc4 55. Kd3 Nb6 56. Kc3 Na4+ 57. Kb3 Nb6 58. Kc2 Kf6 59. Kd3 Ke7 1/2-1/2

[Event "Online Olym Div4 B 2020"]
[Site "chess.com INT"]
[Date "2020.08.02"]
[Round "9.4"]
[Board "4"]
[White "Shimwa, Marie Faustine"]
[Black "Sokolova, Larisa"]
[Result "0-1"]
[WhiteElo "1397"]
[BlackElo "1642"]
[WhiteTeam "Rwanda"]
[BlackTeam "Cyprus"]
[WhiteFideId "16000188"]
[BlackFideId "5904919"]
[EventDate "2020.07.31"]
[EventType "team"]

1. d4 Nf6 2. c4 e5 3. dxe5 Ng4 4. Nf3 Bc5 5. e3 Nc6 6. Be2 Ngxe5 7. O-O d6 8. h3
O-O 9. Nc3 Bf5 10. e4 Bg6 11. a3 a5 12. Na4 Bxe4 13. Nxe5 Nxe5 14. Nxc5 dxc5 15.
Qb3 Qf6 16. f4 Qg6 17. Rf2 Rad8 18. fxe5 f5 19. Bf4 Rd4 20. Raf1 Rfd8 21. Be3
Rd3 22. Bxd3 Rxd3 23. Qb5 Rxe3 24. Rd1 Bc6 25. Qxc5 Qg5 26. h4 Qg3 27. Rd8+ Kf7
28. Qf8+ Kg6 29. Qxf5+ Kh6 30. Qe6+ g6 31. Qe8 Re1+ 32. Rf1 Qxg2# 0-1

[Event "Online Olym Div4 B 2020"]
[Site "chess.com INT"]
[Date "2020.08.02"]
[Round "9.4"]
[Board "5"]
[White "Hadjinicolaou, Andreas"]
[Black "Murara Urwintwari, Ian"]
[Result "1-0"]
[WhiteElo "1710"]
[BlackElo "1680"]
[WhiteTeam "Cyprus"]
[BlackTeam "Rwanda"]
[WhiteFideId "5901103"]
[BlackFideId "16000145"]
[EventDate "2020.07.31"]
[EventType "team"]

1. d4 Nf6 2. c4 e6 3. Nf3 b6 4. g3 Bb7 5. Bg2 Be7 6. O-O d5 7. cxd5 exd5 8. Nc3
Nbd7 9. Ne5 O-O 10. Qa4 c6 11. Nxc6 Bxc6 12. Qxc6 Rc8 13. Qa4 Rc4 14. Qd1 Nb8
15. Bg5 Nc6 16. e3 Ne4 17. Bxe7 Nxe7 18. Nxe4 dxe4 19. Bxe4 Rc7 20. Rc1 Rd7 21.
Qc2 f5 22. Qb3+ Kh8 23. Bg2 Rd6 24. Rc2 Rdf6 25. Rfc1 f4 26. exf4 Qxd4 27. Rc7
Ng6 28. Rc8 h6 29. Qc3 Rxc8 30. Qxc8+ Kh7 31. Qc3 Nxf4 32. gxf4 Qxf4 33. Qd3+
Rg6 34. Rc6 Qg5 35. Rxg6 Qxg6 36. Qxg6+ Kxg6 37. Kf1 Kf5 38. Ke2 Ke5 39. Kd3 Kd6
40. Kc4 Kd7 41. Kb5 Kc7 42. b4 Kc8 43. a3 Kb8 44. a4 Kc7 45. Ka6 Kb8 46. h4 1-0

[Event "Online Olym Div4 B 2020"]
[Site "chess.com INT"]
[Date "2020.08.02"]
[Round "9.5"]
[Board "1"]
[White "Hamad, Ahmad"]
[Black "Hussain, Hashem"]
[Result "1-0"]
[WhiteTitle "FM"]
[WhiteElo "2207"]
[BlackElo "1702"]
[WhiteTeam "Syria"]
[BlackTeam "Kuwait"]
[WhiteFideId "7600364"]
[BlackFideId "10300716"]
[EventDate "2020.07.31"]
[EventType "team"]

1. b3 d5 2. Bb2 c5 3. e3 Nc6 4. Bb5 Nf6 5. Bxc6+ bxc6 6. Nf3 Ba6 7. Ne5 Qc7 8.
d3 e6 9. O-O Bd6 10. f4 O-O 11. Rf3 Rab8 12. Nd2 Nd7 13. Rh3 Nxe5 14. Qh5 h6 15.
Bxe5 Bxe5 16. fxe5 f5 17. Nf3 Qf7 18. Qh4 f4 19. Ng5 Qg6 20. exf4 hxg5 21. fxg5
Kf7 22. Qa4 Rb6 23. Qa3 Ke8 24. Qxc5 Qf7 25. g6 Qe7 26. Qxe7+ Kxe7 27. Rh7 Rg8
28. Rf1 Rb7 29. Rf4 Ke8 30. h4 c5 31. h5 Rf8 32. Rxf8+ Kxf8 33. Rh8+ Ke7 34. Rg8
c4 35. d4 cxb3 36. axb3 Rb4 37. Rxg7+ Kf8 38. Rxa7 Be2 39. h6 1-0

[Event "Online Olym Div4 B 2020"]
[Site "chess.com INT"]
[Date "2020.08.02"]
[Round "9.5"]
[Board "2"]
[White "Alrashidi, Yousef"]
[Black "Hilwani, Talal"]
[Result "0-1"]
[WhiteElo "1610"]
[BlackElo "2274"]
[WhiteTeam "Kuwait"]
[BlackTeam "Syria"]
[WhiteFideId "10300910"]
[BlackFideId "7600410"]
[EventDate "2020.07.31"]
[EventType "team"]

1. Na3 g6 2. c4 c5 3. Nc2 e5 4. e3 Bg7 5. Ne2 Nf6 6. d4 exd4 7. exd4 O-O 8. g3
Re8 9. Bg2 d5 10. cxd5 Bg4 11. f3 Bc8 12. O-O Nxd5 13. dxc5 Na6 14. Rb1 Nxc5 15.
Bd2 Bf5 16. Kh1 Bxc2 17. Qxc2 Rxe2 18. Qxc5 Rxd2 19. f4 Nf6 20. Bxb7 Rb8 21. Bf3
Rc8 22. Qe3 Rcc2 23. h4 Nh5 24. Rbd1 Nxg3+ 25. Kg1 Bd4 0-1

[Event "Online Olym Div4 B 2020"]
[Site "chess.com INT"]
[Date "2020.08.02"]
[Round "9.5"]
[Board "3"]
[White "Mahmoud, Roula"]
[Black "Alawadhi, Amenah"]
[Result "1-0"]
[WhiteTitle "WFM"]
[BlackTitle "WCM"]
[WhiteElo "1771"]
[BlackElo "1327"]
[WhiteTeam "Syria"]
[BlackTeam "Kuwait"]
[WhiteFideId "7601263"]
[BlackFideId "10301100"]
[EventDate "2020.07.31"]
[EventType "team"]

1. e4 c6 2. d3 d5 3. Nd2 dxe4 4. dxe4 Nd7 5. Ngf3 e5 6. Bc4 h6 7. O-O Ngf6 8.
Re1 Be7 9. Nf1 O-O 10. Be3 c5 11. Ng3 Qa5 12. Nf5 Bd8 13. N3h4 b5 14. Bd5 Rb8
15. Ng6 Nxd5 16. Qxd5 Nf6 17. Nge7+ Bxe7 18. Nxe7+ Kh7 19. Qxe5 c4 20. Qxb8 Qd8
21. Qxc8 Qxe7 22. Qf5+ g6 23. Qxb5 Ng4 24. Qc5 Qh4 25. h3 Nxe3 26. Qxf8 Nxc2 27.
Qxf7+ Kh8 28. Rad1 Nxe1 29. Qf8+ 1-0

[Event "Online Olym Div4 B 2020"]
[Site "chess.com INT"]
[Date "2020.08.02"]
[Round "9.5"]
[Board "4"]
[White "Hadeel Mohammad Kalandar"]
[Black "Yazji, Mada"]
[Result "0-1"]
[WhiteElo "1114"]
[BlackElo "1704"]
[WhiteTeam "Kuwait"]
[BlackTeam "Syria"]
[WhiteFideId "10303642"]
[BlackFideId "7602065"]
[EventDate "2020.07.31"]
[EventType "team"]

1. e4 c5 2. Nc3 Nc6 3. Nf3 d6 4. g3 Nf6 5. d3 Bg4 6. h3 Bd7 7. Bg2 e6 8. Be3 Be7
9. O-O a6 10. a3 O-O 11. Ne2 Qc7 12. c3 d5 13. d4 Nxe4 14. Nd2 Nxd2 15. Qxd2
cxd4 16. cxd4 Na5 17. b4 Nb3 18. Rac1 Nxc1 19. Rxc1 Qb6 20. Nf4 Rac8 21. Rd1 Rc6
22. Nh5 Rfc8 23. g4 Rc2 24. Qd3 Bb5 25. Qb3 R8c3 26. Qb1 Ba4 27. Bd2 Rd3 28. Ng3
Rdxd2 29. Rxd2 Rxd2 30. Bf1 Qxd4 31. Qe1 Rd1 32. Ne2 Rxe1 33. Nxd4 Bf6 34. Nf3
Ra1 35. Kg2 Rxa3 36. g5 Be7 37. h4 Bxb4 38. Ne5 Bd6 39. Nd3 Bc6 40. f3 Bb5 41.
Ne1 Bxf1+ 42. Kxf1 Bg3 43. Nc2 Ra2 44. Kg2 Rxc2+ 45. Kxg3 b5 46. h5 b4 47. Kg4
b3 48. g6 hxg6 49. hxg6 fxg6 50. Kg5 b2 51. f4 b1=Q 52. Kxg6 Qg1+ 53. Kh5 Rh2# 0-1

[Event "Online Olym Div4 B 2020"]
[Site "chess.com INT"]
[Date "2020.08.02"]
[Round "9.5"]
[Board "5"]
[White "Koniahli, Malek."]
[Black "Alhejab, Meshal"]
[Result "1/2-1/2"]
[WhiteTitle "FM"]
[WhiteElo "2261"]
[BlackElo "1681"]
[WhiteTeam "Syria"]
[BlackTeam "Kuwait"]
[WhiteFideId "7603495"]
[BlackFideId "10302603"]
[EventDate "2020.07.31"]
[EventType "team"]

1. d4 Nf6 2. Nf3 d5 3. Bf4 g6 4. Nbd2 Bg7 5. e3 O-O 6. c4 c5 7. Be2 Nc6 8. O-O
Nh5 9. Bg5 h6 10. Bh4 g5 11. Ne5 Nxe5 12. dxe5 gxh4 13. Bxh5 Bxe5 14. cxd5 Qxd5
15. Bf3 Qd6 16. Nc4 Bxh2+ 17. Kh1 Qxd1 18. Rfxd1 Bc7 19. Rd5 Bb6 20. Rh5 Kg7 21.
Rxh4 Be6 22. Bxb7 Rad8 23. Rc1 Bxc4 24. Rcxc4 Rd1+ 25. Kh2 Rd2 26. Rcg4+ Kh7 27.
Kg1 Rd1+ 28. Kh2 Rd2 29. Kg1 Rd1+ 30. Kh2 Rd2 1/2-1/2